000 00771nam a2200217Ia 4500
003 IN-BaIIA
008 211028s9999 xx 000 0 eng d
020 _a0-8243-0944-8
040 _cIIA Library
080 _a(05)52
_bANN-44
245 0 _aAnnual review of astronomy and astrophysics
_bvol. 44
_cedited by Roger Blandford, John Kormendey and Ewine Van Dishoeck
260 _aPalo Alto
_bAnnual Reviews
_c2006
300 _aix, 580p.
650 _aAstronomy and astrophysics thesaurus
650 _aAstronomy-Periodicals
_94087
650 _aAstrophysics-Periodicals
_94088
700 _aBlandford, Roger, ed.
_928594
700 _aKormendey, John, ed.
_930278
700 _aVan Dishoeck, Ewine ed.
_930279
942 _cBK
999 _c16341
_d16341